000 01169nam a2200301 i 4500
001 47911
003 ES-MaACL
005 20250728062601.0
007 t|
008 030625s2002 sp ||||0| spa j
020 _a84-95240-67-X
040 _aM-BN
_bspa
_cM-BN
080 _a347.235(460)
080 _a347.235(430)
100 1 _aSánchez Jordán, María Elena.
_9102717
245 1 4 _aLas anotaciones preventivas (en particular la de embargo) en los sistemas registrales alemán y español /
_cMaría Elena Sánchez Jordán.
260 _a[Madrid] :
_bCentro de Estudios Registrales,
_c[2002]
300 _a183 p ;
_c23 cm.
490 1 _aMonografías
504 _aBibliografía: p. 177-183.
650 1 4 _aAnotaciones preventivas-
_zEspaña.
_99847
650 1 4 _aAnotaciones preventivas-
_zAlemania.
_99846
710 2 _aColegio de Registradores de la Propiedad y Mercantiles de España.
_bCentro de Estudios Registrales.
_9162314
730 0 _aMonografías (Centro de Estudios Registrales)
_9179814
830 0 0 _aMonografías (Centro de Estudios Benaventanos "Ledo del Pozo")
_9177262
852 _aES-MaACL
_jL-26437
_bR.132002
999 _c47911
_d47911